Il Colosseo: la storia e il mito
I tiakina i:
| Kaituhi matua: | |
|---|---|
| Hōputu: | Pukapuka |
| Reo: | Itāriana |
| I whakaputaina: |
Bari
Laterza
2008
|
| Rangatū: | Economica Laterza, 486
|
| Ngā marau: | |
| Ngā Tūtohu: |
Tāpirihia he Tūtohu
Kāore He Tūtohu, Me noho koe te mea tuatahi ki te tūtohu i tēnei pūkete!
|
MARC
| LEADER | 00000nam a2200000 a 4500 | ||
|---|---|---|---|
| 001 | UCH5211 | ||
| 003 | CL-VaPUC | ||
| 008 | 091008e20080000IT |||||||||||||||||ita|d | ||
| 020 | |a 9788842088189 | ||
| 082 | 0 | 4 | |a 937 |b HOP |2 21 |
| 100 | |a Hopkins, Keith |e author |9 541453 | ||
| 245 | 1 | 3 | |a Il Colosseo: la storia e il mito |
| 300 | |a 245 p | ||
| 942 | |c BK | ||
| 945 | |d 20091008 00:00:00 |a rbrito | ||
| 260 | |a Bari |b Laterza |c 2008 | ||
| 600 | 0 | 7 | |a COLISEO ROMANO |2 CL-VaPUC |9 541454 |
| 650 | 0 | |a Historia de Roma |9 315349 | |
| 650 | 0 | |a Historia antigua |9 267521 | |
| 651 | 0 | |a Roma |9 255106 | |
| 583 | |a last modification |c 20091008 00:00:00 |k Rodrigo Vera | ||
| 490 | 0 | |a Economica Laterza, 486 | |
| 999 | |c 336393 |d 336391 | ||
| 952 | |0 0 |1 0 |4 0 |6 937_000000000000000_HOP_2008 |7 0 |8 A |9 427658 |a BIBHIS |b BIBHIS |d 2019-11-22 |i 4606523 |o 937 HOP 2008 |p 4606523 |r 2025-01-20 |w 2019-11-22 |y BK |k HIS | ||